The Times guide to the peoples of Europe

Αποθηκεύτηκε σε:
Λεπτομέρειες βιβλιογραφικής εγγραφής
Άλλοι συγγραφείς: Fernandez-Armesto, Felipe (Επιμελητής έκδοσης)
Μορφή: Βιβλίο
Γλώσσα:English
Δημοσίευση: London : Times, 1994
Θέματα:
Ετικέτες: Προσθήκη ετικέτας
Δεν υπάρχουν, Καταχωρήστε ετικέτα πρώτοι!

MARC

LEADER 00000nam a2200000 i 4500
001 1/5929
008 960619s1994 eng d
020 |a 0-7230-0624-5 
035 |l 10016178 
040 |a GR-MY-UA  |b gre  |e aacr 
041 0 |a eng 
082 0 |a 305.894 
245 1 4 |a The Times guide to the peoples of Europe /  |c Edited by Felipe Fernandez-Armesto 
260 |a London :   |b Times,   |c 1994 
300 |a 416 p.  |b maps 
504 |a Includes bibliographical references and index 
650 0 0 |a Ethnology  |z Europe. 
651 0 |a Europe  |x Economic conditions. 
651 0 |a Europe  |x History. 
651 0 |a Europe  |x Languages. 
651 0 |a Europe  |x Social life and customs. 
651 0 |a Europe  |x Politics and government. 
700 1 |a Fernandez-Armesto, Felipe.  |4 edt 
852 |a INST  |b LESVOS  |e 19960619  |h 305.894 TIM  |p 005100009916  |q 005100009916  |t BK  |y 0 
909 |a Λ  |b 043846